CULEX MARTINII MEDSCHID (DIPTERA, CULICIDAE) IN SLOVAKIA

Podrobná bibliografia
Hlavný autor: Országh, Ivan, 1940- (Autor)
Médium: Článok
Jazyk:angličtina

MARC

LEADER 00000nab a2200000 a 4500
001 vtls011125895
003 SK-MaSNL
005 20260304234838.0
008 230222|2002 xo |||||||||||||||||eng|
015 |a SNBRB 
035 |a (uuid)a68994bb-53ef-4f69-a66b-76d92d8a6fe9 
035 |a (urnnbn)urn:nbn:sk:snk:ar-a09e6t 
035 |a urn:nbn:sk:snk-aba3bh 
040 |a SNKBUCL  |b slo  |c SNKBUCL  |e AACR2 
041 0 |a eng 
044 |a xo  |c SK 
100 1 |a Országh, Ivan,  |d 1940-  |4 aut  |9 104874 
245 1 0 |a CULEX MARTINII MEDSCHID (DIPTERA, CULICIDAE) IN SLOVAKIA  |c Ivan Országh 
773 0 |t Acta Zoologica Universitatis Comenianae  |g Roč. 44, č. 44 (2002), s. 75-78 
958 |a OND 
958 |a EUIPO 
958 |a article13 
999 |c 3205862  |d 3207792